|
|
|
|
| LEADER |
02048ncm a2200553 i 4500 |
| 001 |
nkc20162865353 |
| 003 |
CZ PrNK |
| 005 |
20170403104703.0 |
| 007 |
qu |
| 008 |
170109s2016 xr snaeg nn zxx |
| 015 |
|
|
|a cnb002865353
|
| 024 |
2 |
|
|a 979-0-706560-01-4
|q (kroužková vazba)
|
| 040 |
|
|
|a ABA001
|b cze
|e rda
|
| 043 |
|
|
|a e-xr---
|
| 045 |
|
|
|a x-y-
|
| 048 |
|
|
|b wa01
|a kc01
|
| 072 |
|
7 |
|a 788
|x Hudba pro dechové nástroje
|2 Konspekt
|9 9
|
| 080 |
|
|
|a 78.082.2
|2 MRF
|
| 080 |
|
|
|a 78.089.6.087
|2 MRF
|
| 100 |
1 |
|
|a Vičar, Jan,
|d 1949-
|7 jk01142294
|4 cmp
|
| 240 |
1 |
0 |
|a Sonáta,
|m flétna, cembalo
|
| 245 |
1 |
0 |
|a Sonata per flauto e cembalo /
|c Jan Vičar
|
| 250 |
|
|
|a 1. vydání
|
| 264 |
|
1 |
|a Olomouc :
|b Univerzita Palackého v Olomouci,
|c 2016
|
| 300 |
|
|
|a 1 partitura (iii, 26 stran) + 1 hlas ;
|c 32 cm
|
| 306 |
|
|
|a 001600
|
| 336 |
|
|
|a zápis hudby
|b ntm
|2 rdacontent
|
| 337 |
|
|
|a bez média
|b n
|2 rdamedia
|
| 338 |
|
|
|a svazek
|b nc
|2 rdacarrier
|
| 382 |
0 |
1 |
|a flétna
|n 1
|a cembalo
|n 1
|s 2
|
| 490 |
1 |
|
|a Monografie
|
| 500 |
|
|
|a Durata: přibližně 16 min
|
| 505 |
0 |
|
|a I. Moderato -- II. Andante -- III. Intermezzo. Prestissimo -- IV. Ciaccona. Maestoso
|
| 521 |
8 |
|
|a Určeno studentům hudebního umění, hudební vědy a výchovy a hudební veřejnosti
|
| 648 |
|
7 |
|a 20.-21. století
|7 ch462155
|2 czenas
|
| 650 |
0 |
7 |
|a sonáty
|7 ph321712
|z Česko
|y 20.-21. století
|2 czenas
|
| 650 |
0 |
9 |
|a sonatas
|z Czechia
|y 20th-21st centuries
|2 eczenas
|
| 655 |
|
7 |
|a sonáty
|7 fd980062
|2 czenas
|
| 655 |
|
7 |
|a partitury a hlasy
|7 fd186702
|2 czenas
|
| 655 |
|
9 |
|a sonatas
|2 eczenas
|
| 655 |
|
9 |
|a scores and parts
|2 eczenas
|
| 810 |
2 |
|
|a Univerzita Palackého.
|t Monografie
|0 s
|
| 910 |
2 |
|
|a BOA001
|b Mus4-1378.650
|
| 990 |
|
|
|a MU
|
| 995 |
|
|
|a 01
|
| 991 |
|
|
|b 201701
|c NOV
|
| 925 |
|
|
|a flétna, cembalo
|b Fl, Cemb
|
| 996 |
6 |
|
|b 2610694378
|c Mus4-1378.650
|l MZK
|r Sklad / do 1 hodiny
|n 0
|p p.v.
|w 001595487
|u 000010
|a 1
|e BOA001
|j MZK50
|s P
|
| 996 |
7 |
|
|b 2610702807
|c Mus4-1378.650
|l MZK
|r Sklad / do 1 hodiny
|n 0
|p kup
|w 001595487
|u 000020
|a 1
|e BOA001
|j MZK50
|s A
|